| 000 | 00954nam a22002417a 4500 | ||
|---|---|---|---|
| 008 | 130821s2003 enka gr eng | ||
| 020 | _a0749427795 | ||
| 040 |
_aCo-BoUCM _bspa |
||
| 041 | 0 | 0 | _aeng |
| 245 | 0 | 0 |
_aGlobal logistics and distribution planning strategies for management _ceditory Donald Waters. |
| 250 | _a3a. Ed. | ||
| 260 |
_aLondres (Inglaterra) _bKogan Page _c2003 |
||
| 300 |
_axxv, 398 páginas _bilustraciones |
||
| 504 | _aIncluye referencias bibliográficas e índice. | ||
| 650 | 0 | 4 |
_aAdministración de empresas _9435 |
| 650 | 0 | 4 |
_aAdministración de mercadeo _98558 |
| 650 | 0 | 4 |
_aDistribución física de mercancías _913462 |
| 650 | 0 | 4 |
_aLogística en los negocios _xAdministración _918805 |
| 700 | 1 |
_aWaters, C. D. J. _q(C. Donald J.) _d1949- _9167343 |
|
| 710 | 2 |
_aInstitute of Logistics and Transport (Corby, England) _9171423 |
|
| 942 |
_cLIBRO _a16 _e3 _mG562 _2DEWEY _h658.788 |
||
| 999 |
_c90175 _d90175 |
||